Persia

Guardat en:
Dades bibliogràfiques
Autor principal: Frye, Richard N.
Format: Llibre
Idioma:Undetermined
Publicat: London George Allen & Unwin Ltd. 1968
Etiquetes: Afegir etiqueta
Sense etiquetes, Sigues el primer a etiquetar aquest registre!
Thư viện lưu trữ: Trung tâm Học liệu Trường Đại học Cần Thơ
LEADER 00424nam a2200169Ia 4500
001 CTU_77962
008 210402s9999 xx 000 0 und d
082 |a 955 
082 |b F948 
100 |a Frye, Richard N. 
245 0 |a Persia 
245 0 |c Richard N. Frye 
260 |a London 
260 |b George Allen & Unwin Ltd. 
260 |c 1968 
904 |i Mai Loan 
980 |a Trung tâm Học liệu Trường Đại học Cần Thơ